000 01003nam a2200313Ia 4500
003 OSt
005 20220912145203.0
006 a|||||r|||| 00| 0
007 ta
008 220909b |||||||| |||| 00| 0 eng d
020 _a1584884800 (hbd)
024 _a76957
037 _b1672, 01/03/2007, The Book Seller
037 _cTextual
040 _aCSL
_beng
_cCSL
041 _aeng
082 _aB28:31, P7
100 _aWest Brady T
245 0 _aLinear mixed models: A practical guide using statistical software
260 _aBoca Raton
_bChampman & Hall
_c2007
300 _axix, 353p.
_ccm.
500 _aAppendix A-C, 329-335p.; Bibliographical references 337--339p.; Index 341-353p.
650 _a Linear mixed models
650 _aStatistics
700 _a Galecki Andrzej T
700 _a Welch Kathleen B
942 _hB28:31, P7
_cTEXL
_2CC
999 _c25396
_d25396